[Morálne dilemy v sociálnych službách]

Recenzia na monografiu Zuzany Palovičovej, ktorá je zameraná na aktuálnu problematiku etiky v sociálnych službách so zreteľom na ich charakter, ako služieb verejného záujmu.

Saved in:
Bibliographic Details
Main Author: Halás, Martin
Format: Book Chapter
Language:Slovak
Subjects:
Tags: Add Tag
No Tags, Be the first to tag this record!

MARC

LEADER 00000naa a2200000 4500
001 0194127
005 20231211125703.9
041 0 |a slo 
044 |a SK 
245 1 0 |a [Morálne dilemy v sociálnych službách]  |c Martin Halás 
520 |a Recenzia na monografiu Zuzany Palovičovej, ktorá je zameraná na aktuálnu problematiku etiky v sociálnych službách so zreteľom na ich charakter, ako služieb verejného záujmu. 
610 2 0 |a recenzie 
610 2 0 |a služby sociálne 
610 2 0 |a práca sociálna 
610 2 0 |a etika 
100 1 |a Halás, Martin